Nos. : No.16 of 1904. An ordinance To Amend "The Vehicles ordinance,1901." (Embodied In No.9 of 1901,Page 548.) (Record no. 49047)
[ view plain ]
| 000 -LEADER | |
|---|---|
| fixed length control field | 00423nam a2200145Ia 4500 |
| 008 - FIXED-LENGTH DATA ELEMENTS--GENERAL INFORMATION | |
| fixed length control field | 180921t xxu||||| ||||o00| 0 eng d |
| 041 ## - LANGUAGE CODE | |
| Language code of text/sound track or separate title | English |
| 080 ## - UNIVERSAL DECIMAL CLASSIFICATION NUMBER | |
| Universal Decimal Classification number | Vol.3 1895-1907 |
| 942 ## - ADDED ENTRY ELEMENTS (KOHA) | |
| Koha item type | Books |
| 003 - CONTROL NUMBER IDENTIFIER | |
| control field | LK-CoDNM |
| 040 ## - CATALOGING SOURCE | |
| Original cataloging agency | LK-CoDNM |
| Modifying agency | LK-CoDNM |
| Description conventions | LK-CoDNM |
| 245 ## - TITLE STATEMENT | |
| Title | Nos. : No.16 of 1904. An ordinance To Amend "The Vehicles ordinance,1901." (Embodied In No.9 of 1901,Page 548.) |
| 300 ## - PHYSICAL DESCRIPTION | |
| Extent | p.622, 23 cm |
| 650 ## - SUBJECT ADDED ENTRY--TOPICAL TERM | |
| Topical term or geographic name as entry element | Vehicles |
| Withdrawn status | Lost status | Damaged status | Not for loan | Collection code | Permanent Location | Current Location | Date acquired | Full call number | Koha item type |
|---|---|---|---|---|---|---|---|---|---|
| Government Publications | Library National Museum Colombo - Sri Lanka | Library National Museum Colombo - Sri Lanka | 2013-04-23 | Vol.3 1895-1907 | Books |


